Taking cover in the rain (Record no. 84035)

MARC details
000 -LEADER
fixed length control field 01023cad a22002055a 4500
001 - CONTROL NUMBER
control field L156477
008 - FIXED-LENGTH DATA ELEMENTS--GENERAL INFORMATION
fixed length control field 120528e20120519xxk 000 0 eng d
035 ## - SYSTEM CONTROL NUMBER
System control number (Sirsi) u156477
041 0# - LANGUAGE CODE
Language code of text/sound track or separate title eng
100 1# - MAIN ENTRY--PERSONAL NAME
Personal name Highmore, Sue
245 00 - TITLE STATEMENT
Title Taking cover in the rain
260 ## - PUBLICATION, DISTRIBUTION, ETC.
Date of publication, distribution, etc. 2012
490 ## - SERIES STATEMENT
Series statement Estates Gazette
Volume/sequential designation (1220) 19 May 2012, 84-86(3)
520 ## - SUMMARY, ETC.
Summary, etc. The Statement of Principles between the Association of British Insurers and the Government on flood insurance expires in June 2013 and is not due to be renewed. Assesses the impact for property owners trying to obtain affordable flood insurance for properties in a flood risk area. Looks at alternatives such as pooled insurance models and a system similar to the French system with a levy on every property paid into a fund to meet insurance claims on high risk properties. Highlights the importance of advising clients on flood risk.
590 ## - LOCAL NOTE (RLIN)
Local note KA
651 #4 - SUBJECT ADDED ENTRY--GEOGRAPHIC NAME
Geographic name United Kingdom
Chronological subdivision
690 ## - LOCAL SUBJECT ADDED ENTRY--TOPICAL TERM (OCLC, RLIN)
Topical term or geographic name as entry element Hydrography
9 (RLIN) 6245
690 ## - LOCAL SUBJECT ADDED ENTRY--TOPICAL TERM (OCLC, RLIN)
Topical term or geographic name as entry element Insurance
9 (RLIN) 6249
942 ## - ADDED ENTRY ELEMENTS (KOHA)
Suppress in OPAC 0
Holdings
Withdrawn status Lost status Source of classification or shelving scheme Damaged status Not for loan Home library Current library Shelving location Date acquired Total Checkouts Full call number Barcode Date last seen Copy number Price effective from Koha item type
    Dewey Decimal Classification     London London Journal article 28/05/2012   L156477 156477-1001 06/08/2019 1 06/08/2019 Journal article